| 000 | 00730nam a2200193 a 4500 | ||
|---|---|---|---|
| 001 | 000018528 | ||
| 005 | 20200929165822.0 | ||
| 008 | 100511s1959 ag a r 000 0 spa d | ||
| 040 |
_aDO-SdBNP _bspa _cBNPHU |
||
| 082 |
_axxxx _bC998 |
||
| 100 | 1 |
_aCzerniak, Miguel _940066 |
|
| 245 | 1 | 0 |
_aPartidas selectas de Botvinnik / _cMiguel Czerniak. |
| 250 | _a3a ed. | ||
| 260 |
_aBuenos Aires : _bSopena Argentina, _c1959. |
||
| 300 |
_a270 p. : _bil ; _c24 cm. |
||
| 490 | 1 | _aNueva Biblioteca de Ajedrez | |
| 500 | _aEn la portada: Ciento diez magníficas partidas del famoso campeón soviético, todas ellas conducidas con la suprema lógica y el inigualado ingenio que lo caracterizan | ||
| 830 | 0 |
_aNueva Biblioteca de Ajedrez _940067 |
|
| 999 |
_c18048 _d18048 |
||